KOHA-Header-6

Advanced Taxation (Record no. 12763)

000 -LEADER
fixed length control field 00255nam a22001217a 4500
082 ## - DEWEY DECIMAL CLASSIFICATION NUMBER
Classification number 657.46
100 ## - MAIN ENTRY--AUTHOR NAME
Personal name Petiwala Khalid
245 ## - TITLE STATEMENT
Title Advanced Taxation
250 ## - EDITION STATEMENT
Edition statement Volume 1
260 ## - PUBLICATION, DISTRIBUTION, ETC. (IMPRINT)
Place of publication Pakistan
Name of publisher Patiwala
Year of publication 2020
300 ## - PHYSICAL DESCRIPTION
Number of Pages 146 pages
942 ## - ADDED ENTRY ELEMENTS (KOHA)
Koha item type Books
Holdings
Withdrawn status Lost status Collection code Permanent Location Current Location Shelving location Date acquired Full call number Accession Number Koha item type
    Law MAJU MAJU Shelf No.A46 2020-12-02 657.46 9844 Law

Powered by Koha